Quiz - Zawodnicy PSG/Tylko Nazwiska/26.06.2022/ - Statystyki

Ogólne statystyki
  • Ten quiz został rozwiązany 92 razy
  • Średni wynik to 13 z 30
Statystyki odpowiedzi
Piłkarze Piłkarze % Poprawnych
Piłkarz Mbappe
99%
Piłkarz Neymar
98%
Piłkarz Messi
96%
Piłkarz Donnarumma
90%
Piłkarz Navas
80%
Piłkarz Verratti
78%
Piłkarz Ramos
74%
Piłkarz Hakimi
70%
Piłkarz Marquinhos
64%
Piłkarz Kimpembe
63%
Piłkarz Mendes
55%
Piłkarz Icardi
49%
Piłkarz Bernat
45%
Piłkarz Paredes
36%
Piłkarz Draxler
35%
Piłkarz Wijnaldum
34%
Piłkarz Diallo
33%
Piłkarz Gueye
30%
Piłkarz Herrera
30%
Piłkarz Pereira
30%
Piłkarz Kurzawa
26%
Piłkarz Simons
24%
Piłkarz Kehrer
18%
Piłkarz Dagba
13%
Piłkarz Michut
10%
Piłkarz Letellier
8%
Piłkarz Gharbi
6%
Piłkarz Ebimbe
5%
Piłkarz Bitumazala
4%
Piłkarz Gassama
1%
Nie znaleziono quizów pasujących do podanych kryteriów
Rozkład punktacji
Procent ludzi z każdym wynikiem
Percentyl według liczby udzielonych odpowiedzi
Twoja historia wyników
Nie rozwiązałeś tego quizu